[Event "SUI-ch 112th"]
[Site "Flims"]
[Date "2012.07.15"]
[Round "4"]
[White "Gerber, Richard"]
[Black "Pelletier, Yannick"]
[Result "0-1"]
[WhiteElo "2407"]
[BlackElo "2599"]
[Annotator "Pelletier,Y"]
[PlyCount "68"]
[EventDate "2012.07.12"]
[EventType "tourn"]
[EventRounds "9"]
[EventCountry "SUI"]
[EventCategory "9"]
[SourceTitle "EXT 2013"]
[Source "ChessBase"]
[SourceDate "2012.11.22"]
[SourceVersion "1"]
[SourceVersionDate "2012.11.22"]
[SourceQuality "1"]

1. Nf3 Nf6 2. c4 b6 3. g3 c5 4. Bg2 Bb7 5. O-O e6 6. Nc3 d6 7. Re1 Nbd7 8. e4 {
Gegen das System mit 7.Re1 erlaube ich normalerweise nie e2-e4. Diese Partie
zeigt auch warum ... !} Rc8 9. b3 a6 10. Bb2 ({Eine bessere Version dieser
Variante kann Weiss mittels} 10. d4 cxd4 11. Nxd4 {erhalten.} b5 $6 {ist dann
nicht gut wegen} 12. e5 $1 {, sodass Schwarz 11...Qc7 bevorzugen sollte. Aber
das Springeropfer auf d5 erweist sich dann als kräftiger. In anderen Worten,
das Entwicklungssystem mit frühem Rc8 ist für Schwarz kaum spielbar.}) 10...
Be7 ({Hier hätte ich auch} 10... Ne5 {wählen können. Aber das ist ja nicht im
Sinne der früheren Spielweise.}) 11. d4 cxd4 12. Nxd4 Qc7 13. Nd5 ({Ein
typisches Opfer, das hier gefährlicher ist, als es aussieht. Nach} 13. f4 O-O {
sind Chancen verteilt.}) 13... exd5 14. exd5 Kf8 $8 15. Nf5 Re8 ({Alle Kräfte
müssen bei der Verteidigung eingesetzt werden. Unausreichend ist} 15... Bd8 16.
Qd2 h6 17. Qf4 $40) 16. Qd2 h6 ({Rein theoretisch gesehen hat die weisse
Spielweise kaum Wert, da Schwarz hier das gute} 16... Bc8 {spielen kann, was
Weiss ja früher oder später zum Opfer auf g7 zwingt, das zum Dauerschach führt:
} 17. Nxg7 Kxg7 18. Qg5+ Kf8 19. Qh6+ Kg8 $11 {(} 20. Re4 $140 Ne5 $1 $11 {)})
({Möglich ist übrigens auch} 16... h5 {, aber ich verzichtete logischerweise
auf die Schwächung von g5.}) 17. Qf4 (17. Re2 {zog ich auch in Betracht.
Schwarz währt sich mittels} Bd8 {am besten ab} (17... g6 $6 18. Nxe7 Rxe7 19.
Rxe7 Kxe7 20. Qf4 Ne5 21. Re1 Nfd7 22. Qd2 $36 {[%cal Gf2f4]}) {Nach} 18. Rae1
Rxe2 19. Rxe2 g6 $5 (19... Bc8) 20. Nxh6 b5 $5 $13 ({oder} 20... Rh7 21. g4 Ne5
$13 {ist die Stellung mit beiderseitigen Chancen höchst unklar.})) 17... Bc8 $6
({Dasselbe folgt auf den sofortigen} 17... Ne5 {[%cal Ge5g6] , nämlich} 18.
Rxe5 $1 (18. Bxe5 $6 dxe5 19. Rxe5 Bc8 $15) 18... dxe5 19. Bxe5 Qd7 20. Bh3 $1
Rh7 21. Nxe7 Qxh3 22. Bd6 {. Nur muss Schwarz hier weniger Drohungen abwehren,
sodass er mittels} Ng4 23. Re1 Qxh2+ 24. Kf1 Qh3+ {remisieren kann.}) 18. Rad1
$1 Ne5 (18... a5 19. Bh3 $5 $36) ({Der Computer gibt} 18... g5 {als spielbar
an ... Tja ...}) 19. Rxe5 $1 {Die Alternativen sind wesentlich schlechter.
Aber während der Partie hielt ich auch diesen Zug für ungenügend.} (19. Nxe7
Rxe7 $17) (19. Bxe5 dxe5 20. Rxe5 Bxf5 21. Qxf5 g6 $19) 19... dxe5 20. Bxe5 Qd7
21. Bh3 $5 ({Zu kompliziertem Spiel führt ebenfalls} 21. Nxe7 Rxe7 ({oder} 
21... Nh5 22. Ng6+ Kg8 23. Qd4 fxg6 24. f4 Qd8 25. b4 $44) 22. Bd6 (22. Bxf6
gxf6 23. Qxf6 Kg8 $13) 22... Kg8 23. Bxe7 Qxe7 24. d6 Qe2 25. Bf3 $13) 21...
Rh7 ({Eigentlich hat Schwarz viele Gelegenheiten, fehlzugreifen, z.B.} 21...
Bc5 $2 22. Nxg7 {oder}) (21... Bd8 $2 22. Bd6+ Kg8 23. Ne7+ {, oder noch}) (
21... Nh5 $6 22. Qf3 $40) ({Dem Computer gefällt hier} 21... g5 {. Ich zog das
auch in Betracht, nahm aber davon Abstand, da ich die Partiefortsetzung für
stärker als} 22. Qf3 (22. Qd4 $6 Bc5 23. Qb2 Rxe5 $1 24. Qxe5 Qd8 $15) 22... g4
23. Bxg4 Nxg4 24. Qxg4 {Hier muss Schwarz} Bg5 {spielen, aber das Endspiel nach
} 25. Bg7+ Kg8 26. Bxh8 Qxf5 27. Qxf5 Bxf5 28. Bd4 {ist unklar.}) 22. Nxe7 ({
Auf} 22. Re1 {wollte ich mit} Bb4 {reagieren, aber das ist nicht der einzige
Zug.} ({Wieder zieht der Computer} 22... g5 {, und sieht den Nachziehenden nach
} 23. Qd2 g4 24. Nxe7 Qxe7 25. Bf1 Bf5 {leicht in Vorteil. Trotzdem besitzt
Weiss für den Turm keine schlechte Kompensation.}) {Dann lautet eine plausible
Fortsetzung} 23. Nxg7 Qxh3 24. Qxf6 Bxe1 25. Qd6+ Kg8 26. Nxe8 Bxf2+ 27. Kxf2
Qxh2+ {, wo Schwarz Dauerschach geben muss.}) 22... Qxh3 23. Nxc8 $2 ({Hat
Weiss an seine Angriffschancen nach} 23. Bd6 $1 {nicht geglaubt? Oder hat er
in der Freibauernphalanx, die er später in der Partie erhält, zu grosse
Hoffnungen gesetzt? Auf jeden Fall müsste hier Schwarz plötzlich sehr
aufpassen! Der beste Zug 23...Bd7 ist augenscheinlich, da die Alternativen
schlecht sind:} Bd7 (23... Rxe7 $2 24. Bxe7+ Kg8 ({Im Fall von} 24... Kxe7 25.
Re1+ Kd8 26. Qd6+ Nd7 $6 (26... Qd7 $142 27. Qf8+ Ne8 28. Qg8 $16) {gewinnt
Weiss mit dem versteckten und sehr hübschen} 27. c5 $1 {[%cal Gc5c6]} ({Sofort
} 27. Qc6 {genügt nicht wegen} Qf5 $1 $11) 27... bxc5 28. Qc6 $18 {[%cal Gd5d6]
Schwarz verfügt über das rettende Mannöver Qf5-c5 nicht mehr!}) 25. Bxf6 gxf6
26. Qxf6 Rg7 27. Re1 $16) (23... Bg4 $6 24. Re1) 24. f3 ({Nach} 24. Re1 {
ist es Remis mittels} Ng4 25. Ng6+ Kg8 26. Rxe8+ Bxe8 27. Ne7+ Kh8 28. Ng6+ $1
Kg8 $11) 24... Nh5 (24... Rxe7 $2 25. Re1 $16) {Houdini gibt hier fleissig 0.
00 in jeder Variante. Aber die praktische Aufgabe am Brett ist viel
schwieriger für Schwarz, der konkrete Probleme lösen muss, da seine
Figurenkoordinierung schlecht ist. Eine vom Computer angegebene Variante ist}
25. Qd4 f5 26. Re1 Kf7 27. c5 (27. Qxb6 $6 f4 $40) 27... bxc5 (27... f4 $5 $11)
28. Bxc5 Nxg3 29. d6 Qf1+ 30. Rxf1 Ne2+ 31. Kf2 Nxd4 32. Bxd4 {mit
Gleichgewicht.}) 23... Qxc8 24. Bxf6 (24. Bc7 h5 $19) 24... gxf6 25. Qd6+ (25.
d6 Qe6 $17) (25. Qxf6 Qg4 $5 $17) 25... Kg7 26. Qxb6 Qg4 $1 ({Ein wichtiger
Zug, der den Turm von seinem besten Feld verjagt. Weniger genau wäre} 26... h5
27. Qd4 $1 {, da Weiss eine gute Koordination finden würde, und seine Bauern
bald in Bewegung setzen könnte.}) 27. Rf1 Re2 (27... h5 $5 28. f3 $140 Qf5 $19
{[%cal Ge8e2]}) 28. Qxa6 {Die vier verbundenen Freibauern habe zwar Potential,
aber Schwarz schafft tödliche Drohungen gegen den weissen König viel schneller.
} Qd4 29. a4 Rh8 30. Qb5 (30. a5 Rb8 $19) (30. Qb7 Rhe8 $19) (30. Qd6 Rb2 $19)
30... h5 31. h4 (31. a5 h4 32. c5 (32. Qb6 Qe4 $19) 32... Rc2 $19) 31... Rhe8
32. a5 R8e3 ({Es gewinnt bereits schon direkt mit verschiedenen Opfern:} 32...
Rxf2 33. Rxf2 Re1+ 34. Kg2 Qe4+ {mit bladigem Matt.}) 33. Qb8 Rf3 34. Qb6 Rxg3+
0-1

[Event "RUS-Cup02"]
[Site "Moscow"]
[Date "1998.01.24"]
[Round "4"]
[White "Drogoon, A."]
[Black "Gorbatov, Alexej"]
[Result "1-0"]
[WhiteElo "2360"]
[BlackElo "2435"]
[Annotator "Petursson,M"]
[PlyCount "97"]
[EventDate "1998.01.21"]
[EventType "swiss"]
[EventRounds "9"]
[EventCountry "RUS"]
[SourceTitle "CBM 063"]
[Source "ChessBase"]
[SourceDate "1998.03.26"]
[SourceVersion "1"]
[SourceVersionDate "1998.03.26"]
[SourceQuality "1"]

1. Nf3 Nf6 2. c4 e6 3. Nc3 c5 4. g3 b6 5. Bg2 Bb7 6. O-O Be7 7. Re1 d6 8. e4 e5
9. a3 Nc6 10. Rb1 O-O 11. b4 Bc8 12. h3 Bd7 13. d3 Ne8 14. Nd5 Nc7 15. Nxe7+
Qxe7 16. Nh2 cxb4 17. axb4 b5 18. Nf1 Rab8 19. Bd2 Nd4 20. Ne3 Rfc8 21. Bc3 Be6
22. Nd5 Qd7 23. Kh2 Na8 24. Ne3 Qc7 25. Bf1 a6 26. f4 f6 27. Rc1 Qa7 28. Nd5
Nb6 29. Bxd4 exd4 30. Qd2 Na4 31. Bg2 Kh8 32. e5 dxe5 33. fxe5 f5 34. Nf4 Bg8
35. e6 Nc3 36. Rxc3 dxc3 37. Qxc3 bxc4 38. dxc4 Qe7 39. c5 a5 40. Nd5 Qa7 41.
Nb6 $1 Qxb6 (41... Re8 42. Bd5 $16) 42. cxb6 Rxc3 43. bxa5 Ra3 44. e7 Bf7 45.
Rd1 Rg8 46. Rd8 Rxa5 47. b7 Rb5 48. Rxg8+ Kxg8 {[%tqu "En","Can you find the
winning move for White?","Distract the Black bishop from the defense of e8",
"Pin his bishop!","g2d5","",12]} 49. Bd5 $1 1-0

[Event "Olympiad-23"]
[Site "Buenos Aires"]
[Date "1978.11.06"]
[Round "11"]
[White "Polugaevsky, Lev"]
[Black "Ornstein, Axel"]
[Result "1-0"]
[WhiteElo "2620"]
[BlackElo "2425"]
[Annotator "Polugaevsky,L"]
[PlyCount "141"]
[EventDate "1978.10.25"]
[EventType "team-swiss"]
[EventRounds "14"]
[EventCountry "ARG"]
[SourceTitle "EXT 2002"]
[Source "ChessBase"]
[SourceDate "2001.11.25"]
[SourceVersion "1"]
[SourceVersionDate "2001.11.25"]
[SourceQuality "1"]
[WhiteTeam "Soviet Union"]
[BlackTeam "Sweden"]
[WhiteTeamCountry "URS"]
[BlackTeamCountry "SWE"]

{Inf.26/54} 1. Nf3 c5 2. c4 Nc6 3. d4 cxd4 4. Nxd4 e6 5. g3 Bb4+ 6. Bd2 (6. Nc3
) 6... Qb6 7. Nb3 Ne5 8. Qc2 (8. Bxb4 Qxb4+ 9. N1d2 Nxc4 10. a3 Qa4) 8... a5 (
8... Qc6 9. Bxb4 $1 Qxh1 10. Nc3 {/\ 11.Nb5+/-; 11.Ne4+/-}) 9. Bg2 $14 a4 10.
Nc1 Nf6 11. O-O Bxd2 12. Nxd2 O-O 13. c5 Qb5 (13... Qc7) 14. Qc3 (14. Nd3 $1
$16) 14... d6 15. cxd6 Ra6 16. Nf3 $1 Nxf3+ 17. Bxf3 Rxd6 18. Nd3 $16 Bd7 19.
Qc7 Qb6 20. Rac1 Bb5 21. Qxb6 Rxb6 22. Ne5 $6 (22. Nc5 $1 Nd5 23. Rfd1 Bc6 24.
Rd2 $16) 22... Nd7 $1 23. Nxd7 Bxd7 24. Rfd1 Bc6 25. Bxc6 (25. Rc2 $1 $14)
25... bxc6 26. Rc2 Rfb8 27. a3 Kf8 (27... g6 $11) 28. Rdd2 Ke7 29. Rd4 $1 Rxb2
30. Rxc6 R8b7 31. Kf1 Ra2 $6 (31... Ra7 $1 32. Rcc4 Rb3 $1 33. Rxa4 Rxa3 $11)
32. Rxa4 $16 g5 33. Rc3 f5 (33... h5 $5) 34. Re3 Rb6 35. Ra7+ (35. g4 $1 $16)
35... Kf6 36. Rxh7 g4 $1 37. Rh6+ Kf7 38. f3 gxf3 39. Rxf3 Kg7 40. Rh3 Rbb2 $2
(40... Ra6 $1 $14) 41. Re3 $16 Rb6 42. g4 $1 Rb1+ $1 (42... fxg4 43. Rhg3 $18)
43. Kg2 $1 Raa1 44. gxf5 exf5 45. Reg3+ (45. Rhf3 $1 $18) 45... Kf6 46. Rh6+
Ke5 47. Re3+ Kf4 48. Rf3+ Kg5 49. Rh8 Rg1+ 50. Kh3 Rge1 51. Rg8+ Kf6 52. Re8
Kf7 (52... Ra2 53. e4 $18) 53. Re5 Kg6 54. Re6+ (54. Rfxf5 Rxe2) 54... Kf7 55.
Ree3 Kf6 56. Rf2 $1 Ra2 (56... Kg5 57. Rg2+ Kf4 58. Rgg3 $1 Ra2 59. Kh4 $1 $18)
57. Kg2 $1 Kg6 58. Re6+ Kf7 59. Re5 Kg6 60. e4 $1 $18 Rea1 (60... Rxa3 61.
exf5+) 61. Rexf5 Rxf2+ 62. Kxf2 Rxa3 63. Rf3 $1 Ra2+ 64. Kg3 Re2 65. Rf4 Kh5
66. Rh4+ Kg5 67. Rg4+ Kh5 (67... Kf6 68. h4 Ke5 69. h5) 68. h3 Re3+ 69. Kf4
Rxh3 70. e5 Rh1 71. Rg2 1-0

[Event "EU-ch 4th"]
[Site "Istanbul"]
[Date "2003.06.02"]
[Round "4"]
[White "Fridman, Daniel"]
[Black "Svetushkin, Dmitry"]
[Result "0-1"]
[WhiteElo "2621"]
[BlackElo "2543"]
[Annotator "Postny,E"]
[PlyCount "146"]
[EventDate "2003.05.30"]
[EventType "swiss"]
[EventRounds "13"]
[EventCountry "TUR"]
[SourceTitle "CBM 096"]
[Source "ChessBase"]
[SourceDate "2003.09.25"]
[SourceVersion "1"]
[SourceVersionDate "2003.09.25"]
[SourceQuality "1"]

1. e4 {Hecht} c5 2. Nf3 e6 3. d3 {This way white is not fighting for the
opening advantage, but preparing for a long term struggle.} Nc6 4. g3 Nf6 5.
Bg2 Be7 6. O-O d6 (6... O-O 7. Re1 (7. Nbd2 Rb8 8. a4 d5 9. Re1 a6 10. c3 b5
11. axb5 axb5 12. e5 Nd7 13. Nf1 Bb7 14. d4 Ra8 $132 {1-0 Sutovsky,E-Milov,V/
Polanica Zdroj 1999/CBM 73 (31)}) 7... d6 8. c3 Rb8 9. d4 cxd4 10. cxd4 d5 11.
e5 Ne4 12. Nbd2 Nxd2 13. Bxd2 Bd7 $11 {0-1 Psakhis,L-Ye Jiangchuan/Moscow 2001/
CBM 86 (61)}) 7. c4 O-O 8. Nc3 a6 (8... e5 9. h3 Ne8 10. Nd5 Nc7 11. Nxe7+ Qxe7
12. Nh4 Nd4 13. Be3 Nce6 14. Rb1 Rb8 15. Nf5 Nxf5 16. exf5 Nd4 17. g4 b6 18.
Bxd4 cxd4 19. Qe2 $14 {1-0 Onischuk,A-Votava,J/Germany 1998/GER-chT (37)}) 9.
h3 (9. d4 cxd4 10. Nxd4 Bd7 11. b3 Rc8 12. Bb2 Qa5 13. Nxc6 Bxc6 14. Re1 Rfe8
15. a4 Nd7 16. Nd5 Bf8 17. Bc3 Qd8 18. Nb4 a5 19. Nc2 Nc5 $11 {1/2-1/2 Glek,
I-Milov,L/Griesheim 2002/CBM 88 (53)}) (9. a4 Qb6 10. Rb1 Bd7 11. h3 Nd4 12.
Nxd4 cxd4 13. Ne2 a5 14. g4 e5 15. Ng3 g6 16. f4 exf4 17. Bxf4 Ne8 18. Bh6 Ng7
$13 {1/2-1/2 Tkachiev,V-Cvitan,O/Pula 1999/EXT 2000 (29)}) 9... Nd7 $146 (9...
Rb8 10. a4 (10. d4 e5 11. dxc5 dxc5 12. Nd5 b5 13. Be3 bxc4 14. Nd2 a5 15. Nxc4
Ba6 16. Rc1 Nxd5 17. exd5 Bxc4 18. Rxc4 Nd4 $132 {0-1 Deshmukh,A-Favaro,E/
Maringa 1991/EXT 99 (45)}) 10... Nd7 11. Be3 Nde5 12. Ne1 Nb4 13. f4 Nec6 14.
Nf3 d5 15. exd5 exd5 16. cxd5 Nxd5 17. Nxd5 Qxd5 18. d4 cxd4 19. Nxd4 Qd7 20.
Rc1 $14 {1/2-1/2 Pikula,D-Tadic,B/Herceg Novi 2001/CBM 84 ext (88)}) 10. d4
cxd4 11. Nxd4 {The position has transforned to a typical "hedgehog" setup.}
Nxd4 $1 {According to the well-known rule, the side who has less space has to
exchange pieces.} 12. Qxd4 b6 13. b3 Qc7 14. Bb2 Bf6 15. Qd2 Bb7 16. Rfd1 Be7
17. Rac1 Rfd8 18. Qd4 Bf8 19. h4 (19. Kh2 {is possible profilactic move.})
19... Rac8 20. Rc2 Qb8 21. Qe3 $6 {White ignores black's idea.} (21. Rcd2 $142)
21... b5 {[%csl Rc2][%cal Gc8c2] Black carries out the program b6-b6 advance,
using the pin on the "c" file.} 22. cxb5 axb5 23. Rcd2 $6 (23. a3 $5 {
preventing further advance of the b5 pawn.}) 23... b4 24. Ne2 Nc5 $15 25. Rd4
Qa8 26. Nc1 (26. Rxb4 Qxa2 $15) 26... d5 $1 {[%mdl 32] Another typical push.
Black's pieces are greatly coordinated, while the white ones are suffering a
disharmony.} 27. exd5 exd5 28. Qd2 Re8 $1 (28... Ne6 $2 29. Rd3 Rc5 30. a4 $1
$13 bxa3 31. Bxa3 Qxa3 $2 32. b4 $16) 29. Bxd5 $6 (29. Rxb4 Ne4 30. Bxe4 Bxb4
31. Bxh7+ Kxh7 32. Qxb4 d4 $40 {[%csl Rg1]}) 29... Bxd5 30. Rxd5 Ne4 31. Qd4 $2
(31. Qd3 Bc5 32. Rf1 Bb6 $40 (32... Nxf2 $2 33. Rxf2 Re1+ 34. Kg2)) 31... Nc3
$4 {Missing an easy win.} (31... Nf6 $1 $19 {White is hopeless, since the Rd5
can not leave the "d" file due to Rd8 and Rd1 is hanging.}) 32. Bxc3 bxc3 {
[%csl Gc3] Black's passed pawn gives him more, than sufficient compensation
for the small material deficit, but it's hard to give an exact evaluation of
this position.} 33. Rf1 c2 34. Qd3 Qa3 35. Kg2 {White stands in passivity. On
the other hand there is no clear plan of improvement for black.} Qb2 36. a4 Bb4
37. Rd7 Qf6 38. Qd4 Qc6+ 39. Qd5 Qxd5+ 40. Rxd5 Red8 41. Rd3 $1 Ba3 42. Rxd8+
Rxd8 43. a5 {White keeps the balance, thanks to his own passed pawn.} Kf8 (
43... Rd1 44. a6) 44. a6 $1 (44. Na2 $6 Rd1 45. a6 Rd6) 44... Ra8 45. Nd3 Rxa6
46. Ra1 Ke7 (46... Rd6 47. Rxa3 Rxd3 48. Ra8+ Ke7 49. Rc8 Rd2 50. Kf3 $11) 47.
Nc1 Kd6 48. Ra2 $4 {[%mdl 8192] Missing black's 50th move.} (48. Ne2 Kc5 49.
Ra2 c1=Q 50. Nxc1 Kb4 $11) 48... Bxc1 $1 49. Rxa6+ Kd5 50. Ra2 {[%tqu "En",
"Please enter a move for black.","","","c1b2","Quite a nasty surprize!",3]} Bb2
$1 $19 {Quite a nasty surprize!} 51. Rxb2 c1=Q 52. Re2 Kd4 {Black's position
is easily winning. White has no chance to build a fortress.} 53. Re7 Qc6+ 54.
Kg1 Qd5 55. Re3 h6 56. Kh2 g5 57. hxg5 hxg5 58. Kg1 f5 59. Kh2 f4 {The
decisive advance. White's rook is driven out of his only defended outpost and
the game is over. Hecht: 'Damit verliert der Turm seinen einzigen sicheren
Stützpunkt.'} 60. Re2 Qxb3 61. Kh3 Qf3 62. Rd2+ Kc3 (62... Ke4 $142 {Hecht} 63.
Kh2 Qh5+ 64. Kg1 f3 65. Ra2 Qh3 {beinhaltet keine Pattgefahr, weil der weiße
g-Bauer noch ziehen kann.}) 63. Ra2 Qh5+ ({Eindeutig war} 63... Qh1+ {Hecht}
64. Kg4 Qd1+ 65. Kh3 (65. f3 Qd7+ 66. Kxg5 Qd5+ $19) (65. Kxg5 Qd5+ $19) 65...
Kb3 66. Ra7 Qh5+ 67. Kg2 f3+ 68. Kg1 Qh3 $19) 64. Kg2 f3+ 65. Kg1 Qf7 ({
It's always not too late to spoil everything! After} 65... g4 66. Ra8 Qh3 $4
67. Rc8+ {black can not avoid the stalemate.}) ({Einfacher war} 65... Kb4 $1 {
Hecht} 66. Rb2+ Kc4 67. Rc2+ Kd4 68. Ra2 Qh3 $19) 66. Ra3+ Kd4 67. Re3 Qh5 68.
Ra3 Qf7 69. Re3 Qb7 70. Kh2 Qh7+ 71. Kg1 Qb1+ 72. Kh2 Qd1 {'!' Hecht.} 73. g4 (
73. Ra3 {Hecht} Qe2 74. Kh3 Qxf2 75. Kg4 Qe2 76. Rxf3 Ke4 $19) (73. Kh3 {Hecht}
Qf1+ 74. Kg4 Qxf2 75. Rxf3 Qe2 $19) 73... Qe2 $1 0-1

[Event "CHN-chT"]
[Site "China"]
[Date "2015.07.27"]
[Round "11.1"]
[White "Zeng, Chongsheng"]
[Black "Lysyj, Igor"]
[Result "0-1"]
[WhiteElo "2541"]
[BlackElo "2691"]
[Annotator "Primel,D"]
[PlyCount "134"]
[EventDate "2015.04.10"]
[EventType "team-match"]
[EventRounds "22"]
[EventCountry "CHN"]
[SourceTitle "EXT 2019"]
[Source "ChessBase"]
[SourceDate "2018.10.10"]
[SourceVersion "1"]
[SourceVersionDate "2018.10.10"]
[SourceQuality "1"]
[WhiteTeam "Guangdong"]
[BlackTeam "Hangzhou"]
[WhiteTeamCountry "CHN"]
[BlackTeamCountry "CHN"]
[TimeControl "5400+30"]

1. c4 {[%emt 1:30:00]} Nf6 {[%emt 1:30:00]} 2. Nf3 b6 3. g3 Bb7 4. Bg2 e6 5.
O-O c5 6. Nc3 Be7 7. d4 (7. Re1 {L'alternative}) 7... cxd4 8. Qxd4 O-O (8... d6
{La grande ligne de cette anglaise hérisson} 9. Rd1 (9. Bg5)) (8... Nc6 $143 {
Un coup naturel mais le Nc6 n'est pas trés bien placé dans ce genre de
structure} 9. Qf4 $14 {[%csl Gd6]}) 9. Rd1 {[%csl Rd6,Rd7]} Qc8 {Une variante
passive mais solide} (9... d6) (9... Nc6 10. Qf4) 10. Bg5 (10. Bf4 $5 Rd8 (
10... Nc6 {Profitant du fait que les Blancs ne peuvent plus jouer Qf4} 11. Qd2
Na5 12. b3 Bb4 {[%cal Gf6e4]} 13. Be5 $1 Ne4 14. Qb2 $14 {[%csl Ra5][%cal
Gc3e4,Ge5g7];Van Wely,L (2658)-Le Roux,J (2549) FRA-chT Top 12 2016 (10.5) 1-0}
) 11. b3 d6 12. Qd2 Na6 13. Rac1 Nc5 14. Qb2 Nce4 15. b4 Nxc3 16. Qxc3 a5 17.
a3 axb4 18. axb4 Ra4 19. Be3 Qc7 20. Qe1 Be4 21. Bh3 Bxf3 22. exf3 Qb7 23. b5
d5 24. cxd5 Nxd5 25. Rc6 Nxe3 26. Rxd8+ Bxd8 27. Qxe3 Ra1+ 28. Kg2 Rd1 29. Qe4
Qe7 30. Rc8 Qd6 31. Qc6 g6 32. f4 {1/2-1/2 (32) Gustafsson,J (2628)-Medvegy,Z 
(2536) Germany 2014}) 10... h6 11. Bxf6 Bxf6 12. Qd3 (12. Qf4) 12... Na6 $1
$146 {[%cal Ga6c5,Gc5d3]} (12... d5 13. cxd5 Bxc3 14. Rac1 Bxd5 15. Rxc3 Qa6
16. Ne5 Bxg2 17. Kxg2 Qb7+ 18. Qf3 Qxf3+ 19. Kxf3 Na6 20. Nc6 Nc5 21. b4 Na4
22. Ne7+ Kh7 23. Rc7 a5 24. a3 axb4 25. axb4 Nb2 26. Rd6 b5 27. Rb6 Ra3+ 28.
Kg2 Na4 29. Rxb5 Nc3 30. Rbb7 Nxe2 31. Nc6 Nc3 32. Rxf7 Rxf7 33. Rxf7 Ra2 34.
Rf3 Ne4 35. Rf4 Nc3 36. h4 h5 37. Rf3 Ne4 38. Nd4 e5 39. Nc6 Rb2 40. Rf5 Kg6
41. Rf8 Kh7 42. Nxe5 {Kovacevic,B (2457)-Majeric,Z (2292) Zagreb 2009 1-0 (61)}
) 13. Rac1 $32 Rd8 14. b3 d6 15. Qe3 (15. e4 $2 Nc5 16. Qe3 Bxc3) (15. Ne4 $5
Be7 (15... Bxe4 16. Qxe4 Nc5 17. Qc2 Qc7 18. e4 Rac8 19. Nd4 $14)) 15... Nc7 $1
{[%cal Gc7e8,Ge8f6,Gf6e7] Ramène le N en défense de l'aile-roi} 16. h4 $5 {
Gagne de l'espace à l'aile-roi tout en évitant Bg5} Ne8 17. g4 {[%cal Gg4g5]
La poussée h6 a donné de la prise à une attaque à l'aile-roi et la Qc8 va
perdre du temps si elle veut revenir en défense de l'aile-roi} Qc5 $1 $132 {
[%cal Gc5e3,Gc5g5,Ga8c8] Un coup très fort pour garder l'option d'échanger
les Q tout en libérant la case "c8" pour la Ra8 et surveiller la case "g5"}
18. Qf4 (18. Qxc5 $143 bxc5 $11) 18... Rac8 19. Ne4 Bxe4 $1 20. Qxe4 g6 21. Qf4
(21. h5 g5 22. Nd4 {[%cal Gd4e6]} d5 $1 {[%csl Gd8]}) 21... Bg7 22. g5 h5 23.
Ne1 Qa5 24. a4 Qb4 25. Qe3 (25. Qf3 {[%csl Gd5][%cal Ge2e4]}) 25... Qc5 26. Qd2
{Une série de coups de la part de la Q qui peine à trouver une case optimale}
a5 {[%csl Rb3]} 27. e3 (27. e4 $143 {Surcontrôle la case "d5" mais au
détriment d'un affaiblissement de la case "d4" et le Bg2 manque d'activité})
27... Qc7 28. Nc2 {[%cal Gc2a3,Ga3b5]} Qc5 $1 {[%csl Rc2] Empêche la
manoeuvre Na3b5} 29. Ne1 {[%cal Ge1d3] Malgré l'avantage d'espace, les Blancs
ont du mal à progresser} Qc7 30. Nd3 Qa7 31. Nf4 $1 {[%csl Gd5,Rg6][%cal
Gd2d3,Gf4g6,Gf4h5]} Be5 $1 {[%cal Ge5f4]} 32. Ne2 (32. Bf3 $6 {[%cal Gf4h5,
Gf3h5]} Bxf4 $1 33. exf4 Ng7 $15 {[%csl Rh4][%cal Gg7f5]}) 32... Qc7 33. f4 {
Les Blancs jouent pour le gain} Bg7 34. Ng3 Qc5 {[%csl Re3][%cal Gc5g1]} 35.
Kh2 Qa3 {[%csl Rb3]} 36. Rb1 Nc7 {[%cal Gd6d5]} 37. Qe2 {[%cal Gg3h5]} d5 $1
$15 {La poussée thématique dans une structure hérisson} 38. e4 dxe4 (38...
dxc4 39. Rxd8+ (39. Qxc4 Nd5) 39... Rxd8 40. Qxc4) 39. Bxe4 Rxd1 40. Qxd1 Qe7
41. Qf3 Rd8 $1 {[%csl Rh2][%cal Gd8d2] L'attaque Blanche à l'aile-roi n'a
conduit qu'à des affaiblissements et le K Blanc est trés exposé.} 42. Re1
Rd2+ 43. Re2 Qd6 $17 44. Rxd2 Qxd2+ 45. Kh3 {[%csl Rh3]} Bf8 46. Bb7 Bd6 {
[%csl Rf4]} 47. Ne4 (47. Ne2 e5) 47... Qxf4 48. Qxf4 Bxf4 {[%csl Ge6] La
finale sera difficile à sauver pour les Blancs} 49. Kg2 Be3 50. Kf3 Bg1 51.
Kf4 Kf8 52. Ke5 {L'unique petite compensation des Blancs est la meilleure
centralisation du K} Ke7 53. Bc6 Na6 54. Kf4 Nb4 55. Bb5 Nd3+ $1 56. Kf3 Nc1
57. Nd2 Bc5 {[%cal Gc5b4]} 58. Ke4 Bb4 $19 {Un second P tombe et les Blancs
pouvaient abandonner} 59. Nf3 Nxb3 60. Ne5 Nc5+ 61. Kd4 Bd2 62. Nc6+ Kd6 63.
Ne5 Bc3+ 64. Kxc3 Kxe5 65. Be8 Ne4+ 66. Kd3 Nd6 67. Bd7 Kf4 {[%cal Gf4g3,Gg3h4]
} 0-1